Microbiology: A laboratory manual (Record no. 395725)

MARC details
000 -LEADER
fixed length control field 00562 a2200217 4500
005 - DATE & TIME
control field 20260127101505.0
008 - FIXED-LENGTH DATA ELEMENTS--GENERAL INFORMATION
fixed length control field 260122b |||||||| |||| 00| 0 eng d
020 ## - ISBN
International Standard Book Number 9789394645516
Price Rs. 3595.00
040 ## - CATALOGING SOURCE
Original cataloging agency VIVEKANANDA LIBRARY
082 ## - DDC NUMBER
Classification number 576.028
Book Number R246M(4)
100 ## - MAIN ENTRY--PERSONAL NAME
Personal name Reddy, S M
245 ## - TITLE STATEMENT
Title Microbiology: A laboratory manual
250 ## - EDITION STATEMENT
Edition statement 4th
260 ## - PUBLICATION, DISTRIBUTION, ETC. (IMPRINT)
Name of publisher, distributor, etc Scientific Publishers
Date of publication, distribution, etc 2026
Place of publication, distribution, etc Jodhpur
300 ## - PHYSICAL DESCRIPTION
Pages xiv, 414
650 ## - Subject
Subject Microbiology
650 ## - Subject
Subject Culture Techniques
650 ## - Subject
Subject Microbial Physiology
700 ## - Added Entry Personal Name
Added Entry Personal Name Reddy, S Ram
942 ## - ADDED ENTRY ELEMENTS (KOHA)
Koha item type Books
Holdings
Withdrawn status Lost status Source of classification or shelving scheme Damaged status Not for loan Location (home branch) Sublocation or collection (holding branch) Shelving location Date acquired Koha issues (times borrowed) Koha full call number Accession No. Koha date last seen Koha item type
    Dewey Decimal Classification     VIVEKANANDA LIBRARY VIVEKANANDA LIBRARY Vivekananda Library 05/01/2026   576.028 R246M(4) 444204 05/01/2026 Books
© Designed and Maintained by Vivekananda Library, MDU Rohtak